Catálogo público

Peterson first guide to butterflies and moths / (Record no. 208413)

MARC details
000 -CABECERA
campo de control de longitud fija 00926nam a2200277Ia 4500
001 - NÚMERO DE CONTROL
campo de control Para_9772
003 - IDENTIFICADOR DEL NÚMERO DE CONTROL
campo de control CHAP
008 - DATOS DE LONGITUD FIJA--INFORMACIÓN GENERAL
campo de control de longitud fija 220125s1992 xx 000 0 und d
010 ## - NÚMERO DE CONTROL DE LA BIBLIOTECA DEL CONGRESO
Número de control de LC 208413
020 ## - NÚMERO INTERNACIONAL ESTÁNDAR DEL LIBRO
Número Internacional Estándar del Libro 0-395-90665-2
040 ## - FUENTE DE LA CATALOGACIÓN
Centro/agencia transcriptor CHAP
082 ## - NÚMERO DE LA CLASIFICACIÓN DECIMAL DEWEY
Número de clasificación PA 595.78 O61
100 ## - ENTRADA PRINCIPAL--NOMBRE DE PERSONA
Nombre de persona Opler, Paul A.
9 (RLIN) 83372
245 ## - MENCIÓN DE TÍTULO
Título Peterson first guide to butterflies and moths /
Mención de responsabilidad, etc. Paul A. Opler ; ilustrado por Amy Bartlett Wright
260 ## - PUBLICACIÓN, DISTRIBUCIÓN, ETC.
Lugar de publicación, distribución, etc. New York :
Nombre del editor, distribuidor, etc. Houghton Mifflin
300 ## - DESCRIPCIÓN FÍSICA
Extensión 127 p.
500 ## - NOTA GENERAL
Nota general Texto basado en Field guide to eastern butterflies por Paul Opler, copyright 1992 T.p verso \ Incluye referencias bibliográficas (p. 123) e índice.
650 ## - PUNTO DE ACCESO ADICIONAL DE MATERIA--TÉRMINO DE MATERIA
Término de materia o nombre geográfico como elemento de entrada Lepidopteras
Subdivisión general America del Norte
-- Identificación
9 (RLIN) 174787
901 ## - ELEMENTOS DE DATOS A LOCAL LDA (RLIN)
a PA 595.78 O61
902 ## - ELEMENTOS DE DATOS B LOCAL, LDB (RLIN)
a M
905 ## - ELEMENTOS DE DATOS E LOCAL, LDE (RLIN)
a 5232201992 a 8000000000 06
910 ## - DATOS DE OPCIÓN DEL USUARIO (OCLC)
Datos de opción del usuario 1992
942 ## - ELEMENTOS DE PUNTO DE ACCESO ADICIONAL (KOHA)
Tipo de ítem Koha Parasitologia_
942 ## - ELEMENTOS DE PUNTO DE ACCESO ADICIONAL (KOHA)
Tipo de ítem Koha Parasitologia_
-- 1
Holdings
Estado de retiro Estado de pérdida Fuente del sistema de clasificación o colocación Estado dañado Restricciones de uso No para préstamo Código de colección Localización permanente Ubicación/localización actual Fecha de adquisición Número de inventario Total de préstamos Signatura topográfica completa Código de barras Fecha visto por última vez Número de copia Precio válido a partir de Tipo de ítem Koha Nota pública
    Dewey Decimal Classification   Préstamo interno   General Parasitologia Agricola Parasitologia Agricola 18/04/2012 (PA_09834) (No. UACh C/E)   PA 595.78 O61 4102001227 25/01/2022 Ej.1 25/01/2022 Libro 3